000 00962nam a2200265Ia 4500
003 OSt
005 20220930093617.0
006 a|||||r|||| 00| 0
007 ta
008 220926b |||||||| |||| 00| 0 eng d
024 _a43774
037 _cTheses
040 _aCRL
_cCRL
_beng
041 _2eng
_aeng
100 _aShokeen Poonam Au.
_9552646
110 _aUniversity of Delhi. Faculty of Interdisciplinary and Applied Science. Department of Electronic Science
_9530778
245 0 _aInvestigation enhanced light trapping mechanism in plasmonic solar cells
260 _c2016
300 _a112p.
_ap.
_ccm.
700 _a Dr. Amit Jain Gu.
_9548188
700 _a Prof. Avinashi Kapoor Gu.
_9539356
700 _aUniversity of Delhi. Faculty of Interdisciplinary and Applied Science. Department of Electronic Science
_9530779
942 _cDIS
_2CC
999 _c885673
_d885673